Spanish vocab week 21 - Statistics

General Stats
  • This quiz has been taken 12 times
  • The average score is 15 of 69
Answer Stats
Hint Answer % Correct
knife el cuchillo
100%
sandwich el bocadillo
75%
spoon la cuchara
75%
to bleed sangrar
75%
to follow/chase seguir
75%
brave valiente
75%
fruity afrutado
50%
squid el calamar
50%
chickpea el garbanzo
50%
to fry freír
50%
free gratis
50%
quality la calidad
50%
teaspoon la cucharilla
50%
gastronomy la gastronomía
50%
torture la tortura
50%
to taste saborear
50%
in depth a fondo
25%
to roast asar
25%
to whisk batir
25%
to cook cocinar
25%
to melt derretir
25%
chef el cocinero
25%
dinner guest el comensal
25%
fork el tenedor
25%
vineyard el viñedo
25%
cooked hecho
25%
meatball la albóndiga
25%
pasty/pie la empanada
25%
location la localización
25%
recipe la receta
25%
cider la sidra
25%
bullfighting la tauromaquia
25%
heifer la vaquilla
25%
rare poco hecho
25%
to broadcast retransmitir
25%
bloody sangriente
25%
tender/loving tierno
25%
to taste/savour degustar
0%
to enjoy disfrutar de
0%
rice with consommé el arroz caldoso
0%
saffron el azafrán
0%
sea bream el besugo
0%
fritter el buñuelo
0%
stew el guiso
0%
puff pastry el hojaldre
0%
table cloth el mantel
0%
fish stew el marmitako
0%
octopus el pulpo
0%
smoked salmon el salmón ahumado
0%
pickled en escabeche
0%
to boil hervir
0%
stuffed olive la aceituna rellena
0%
wine cellar la bodega
0%
excitement/anticipation la emoción
0%
pleasure/delight la gozada
0%
lobster la langosta
0%
raw materials la materia prima
0%
battered hake la merluza a la romana
0%
portion la ración
0%
wild mushroom la seta
0%
round la tanda
0%
beef/veal la ternera
0%
the avant-garde la vanguardia
0%
mussels los mejillones
0%
to grate rallar
0%
rubbed restregado
0%
to sprinkle rociar
0%
exceptionally gifted superdotado
0%
gruesome truculento
0%
No matching quizzes found
Score Distribution
Percent of People with Each Score
Percentile by Number Answered
Your Score History
You have not taken this quiz